000 00969nas a2200301 4500
001 BR2010000561
003 BR-BrBNA
005 20231205113850.0
007 ta
008 230509b bl.|||p| |||| 00| 00por d
040 _aBR-BrBNA
_bpor
_cBiblioteca Nacional de Agricultura
041 _a(Pt)
072 _aF04
100 1 _aRodrigues, C.R.
100 1 _aFaquin, V.
100 1 _aÁvila, F.W. de
100 1 _aRodrigues, T.M.
100 1 _aBaliza, D.P.
100 1 _aOliveira, E.A.B. de
245 1 _aCrescimento e acúmulo de fósforo pela soja cultivada em sucessão a diferentes gramíneas forrageiras adubadas com superfosfato triplo e fosfato reativo de Arad
650 _aSOJA
650 _aFÓSFORO
650 _aSUPERFOSFATO
650 _aADUBAÇÃO
773 0 _tCiência e Agrotecnologia (Brazil)
_xISSN 1413-7054
_g(Nov-Dec 2009), v. 33(6) p. 1486-1494
_wBR2010000561
909 _a202311
_bLúcia
_c55
_dLúcia Elande
942 _2AGRIS
_n0
_cANA
999 _c206024
_d206024